Etica del abogado (Registro nro. 5858)

Detalles MARC
000 -LEADER
fixed length control field 01124 a2200193 4500
001 - CONTROL NUMBER
control field 54972
005 - DATE AND TIME OF LATEST TRANSACTION
control field 20260407155825.0
008 - FIXED-LENGTH DATA ELEMENTS--GENERAL INFORMATION
fixed length control field 260407a1979 arg spa d
003 - CONTROL NUMBER IDENTIFIER
control field AR-UNSa-BCEJYS
040 ## - CATALOGING SOURCE
Original cataloging agency AR-UNSa-BCEJYS
Language of cataloging spa
Transcribing agency AR-UNSa-BCEJYS
080 ## - UNIVERSAL DECIMAL CLASSIFICATION NUMBER
Universal Decimal Classification number 174
Common auxiliary subdivision Etica Profesional
100 1# - MAIN ENTRY--PERSONAL NAME
Personal name Vigo, Rodolfo Luis (h)
245 10 - TITLE STATEMENT
Title Etica del abogado
Name of part/section of a work conducta procesal indebida
264 #1 - PRODUCTION, PUBLICATION, DISTRIBUTION, MANUFACTURE, AND COPYRIGHT NOTICE
Place of production, publication, distribution, manufacture Buenos Aires :
Name of producer, publisher, distributor, manufacturer Abeledo Perrot
Date of production, publication, distribution, manufacture, or copyright notice 1979
300 ## - PHYSICAL DESCRIPTION
Extent 142 p.
Dimensions 23 cm.
505 ## - FORMATTED CONTENTS NOTE
Formatted contents note Primera parte: Éica del abogado - 1. Acerca de la existencia de la Ética del Abogado - 2. La naturaleza humana constitutivamente ética como explicación última del derecho y la abogacía - 3. Bioi Ético-jurídico teóricamente posibles de ser abogado - 4. Modo Ético-jurídico práctico y posible de ser abogado: El bios prudente - 5. Función del abogado en el campo jurídico - Segunda parte: Conducta procesal indebida - 1. Denominación y antecedentes - 2. Caracterización de la conducta procesal indebida - 3. Razones para su tratamiento normativo - 4. Sobre las sanciones
590 ## - LOCAL NOTE (RLIN)
Local note niveau_biblio:m niveau_hierar:0
942 ## - ADDED ENTRY ELEMENTS (KOHA)
Koha item type
Existencias
Withdrawn status Lost status Damaged status Not for loan Home library Current library Shelving location Date acquired Total checkouts Full call number Barcode Date last seen Price effective from Koha item type
        Biblioteca Prof. Eusebio Cleto del Rey Biblioteca Prof. Eusebio Cleto del Rey   07/04/2026   174 V689 L53263 07/04/2026 07/04/2026 Libro